Social Science: (Record no. 8020)
[ view plain ]
| 000 -LEADER | |
|---|---|
| fixed length control field | 00799nam a2200277 a 4500 |
| 001 - CONTROL NUMBER | |
| JCCL Control Number | 8020 |
| 003 - CONTROL NUMBER IDENTIFIER | |
| JCCL marc code | BD-JhCC |
| 005 - DATE AND TIME OF LATEST TRANSACTION | |
| control field | 20180217173248.0 |
| 008 - FIXED-LENGTH DATA ELEMENTS--GENERAL INFORMATION | |
| fixed length control field | 140211s1987 nyua |||||||||1|0 eng|d |
| 020 ## - INTERNATIONAL STANDARD BOOK NUMBER | |
| International Standard Book Number | 0023589205 |
| 035 ## - SYSTEM CONTROL NUMBER | |
| system control number | (BD-JhCC)8020 |
| 040 ## - CATALOGING SOURCE | |
| Original cataloging agency | UK-WkNB |
| Transcribing agency | UK-WkNB |
| Modifying agency | BD-JhCC |
| 041 ## - LANGUAGE CODE | |
| Language code of Book | eng |
| 082 04 - DEWEY DECIMAL CLASSIFICATION NUMBER | |
| Classification number | 300 |
| DDC Edition number | 23 |
| Author mark and Year | HUN 1987 |
| 100 1# - MAIN ENTRY--PERSONAL NAME | |
| Personal name | Hunt, Elgin F. |
| 245 10 - TITLE STATEMENT | |
| Title | Social Science: |
| Remainder of title | An Introduction to the Study of Society, Global Edition / |
| Statement of responsibility, etc | Elgin F. Hunt, David C. Colander. |
| 250 ## - EDITION STATEMENT | |
| Edition statement | 6th ed. |
| 260 ## - PUBLICATION, DISTRIBUTION, ETC. (IMPRINT) | |
| Place of publication, distribution, etc | New York : |
| Name of publisher, distributor, etc | Macmillan Publishing Company, |
| Date of publication, distribution, etc | 1987. |
| 300 ## - PHYSICAL DESCRIPTION | |
| Pagination | xv, 731 p. ; |
| Other physical details | ill. , |
| Dimensions | 24 cm. |
| 504 ## - BIBLIOGRAPHY, ETC. NOTE | |
| Bibliography, etc | Including Index. |
| 650 ## - SUBJECT ADDED ENTRY--TOPICAL TERM | |
| Topical term or geographic name as entry element | Social Science |
| 650 ## - SUBJECT ADDED ENTRY--TOPICAL TERM | |
| Topical term or geographic name as entry element | Social problems |
| 700 1# - ADDED ENTRY--PERSONAL NAME | |
| Personal name | Colander, David C. |
| 942 ## - ADDED ENTRY ELEMENTS (KOHA) | |
| Source of classification or shelving scheme | Dewey Decimal Classification |
| Koha item type | Books |
| Source of classification or shelving scheme | Damaged status | Not for loan | Home library | Current library | Shelving location | Total Checkouts | Full call number | Barcode | Date last seen | Copy number | Koha item type |
|---|---|---|---|---|---|---|---|---|---|---|---|
| Dewey Decimal Classification | JCC Rouf Library | JCC Rouf Library | General Stacks | 300 HUN 1987 | 10594 | 02/17/2018 | C -1 | Books |